|
|
|
|
| LEADER |
02451nam a2200445 i 4500 |
| 001 |
nkc20223416319 |
| 003 |
CZ PrNK |
| 005 |
20221017091620.0 |
| 007 |
ta |
| 008 |
220411s2022 xr g 000 f cze d |
| 015 |
|
|
|a cnb003416319
|
| 020 |
|
|
|a 978-80-7625-237-0
|q (brožováno) :
|c Kč 329,00
|
| 035 |
|
|
|a (OCoLC)1329409100
|
| 040 |
|
|
|a CBA001
|b cze
|d ABG001
|e rda
|
| 041 |
1 |
|
|a cze
|h eng
|
| 072 |
|
7 |
|a 821.111(73)-3
|x Americká próza
|2 Konspekt
|9 25
|
| 080 |
|
|
|a 821.111(73)-31
|2 MRF
|
| 080 |
|
|
|a (0:82-312.5)
|2 MRF
|
| 100 |
1 |
|
|a Layne, Lauren
|7 xx0271865
|4 aut
|
| 240 |
1 |
0 |
|a To Sir, with love.
|l Česky
|
| 245 |
1 |
0 |
|a Láska naslepo /
|c Lauren Layneová ; přeložila Věra Kotábová
|
| 250 |
|
|
|a První vydání
|
| 264 |
|
1 |
|a V Praze :
|b Metafora,
|c 2022
|
| 300 |
|
|
|a 270 stran ;
|c 21 cm
|
| 336 |
|
|
|a text
|b txt
|2 rdacontent
|
| 337 |
|
|
|a bez média
|b n
|2 rdamedia
|
| 338 |
|
|
|a svazek
|b nc
|2 rdacarrier
|
| 500 |
|
|
|a Přeloženo z angličtiny
|
| 520 |
2 |
|
|a Román pro ženy, pozorující s humorným nadhledem vznikající vztah mezi obchodními rivaly, kteří se znovu setkávají v anonymitě internetové seznamky.
|b Když její otec několik měsíců po zjištění diagnózy rakoviny plic zemře, odloží Grace stranou své umělecké ambice a plány a převezme jeho obchod se šampaňským na Manhattanu. Záhy ale zjistí, že výnosy z prodeje jsou čím dál nižší, a ještě k tomu se ji z prodejny pokouší vystrnadit velká korporace vedená pohledným, ale otravně arogantním Sebastianem Andrewsem.Připadá si zahnaná do kouta, přičemž ale nechce přátelům ani rodině přiznat, že uvažuje o zavření obchodu, a proto hledá útěchu jinde - na anonymní internetové seznamce, kde zvolna propadá kouzlu uživatele s přezdívkou Sir. Přestože ale Gracie z každého online setkání se Sirem zaplavuje pocit blaženosti, nemá tušení, že ho již potkala ve skutečném životě... Nakladatelská anotace. Kráceno.
|
| 655 |
|
7 |
|a americké romány
|7 fd131796
|2 czenas
|
| 655 |
|
7 |
|a milostné romány
|7 fd132840
|2 czenas
|
| 655 |
|
9 |
|a American fiction
|2 eczenas
|
| 655 |
|
9 |
|a love novels
|2 eczenas
|
| 700 |
1 |
|
|a Kotábová, Věra,
|d 1957-
|7 jx20050808027
|4 trl
|
| 910 |
2 |
|
|a BOA001
|b 2-1485.237
|
| 928 |
9 |
|
|a Grada Publishing - Metafora
|
| 990 |
|
|
|a BK
|
| 995 |
|
|
|a 01
|
| 991 |
|
|
|b 202205
|c NOV
|
| 996 |
6 |
|
|b 2610901123
|c 2-1485.237
|l MZK
|r Sklad / do 1 hodiny
|n 1
|p p.v.
|w 001885105
|u 000010
|a 1
|e BOA001
|j MZK50
|s P
|